| 000 | 00784nam a2200217Ii 4500 | ||
|---|---|---|---|
| 003 | JO-AjNU | ||
| 005 | 20240114092824.0 | ||
| 008 | 230605s9999||||xx |||||||||||||| ||und|| | ||
| 040 |
_aJO-AjNU _bara _erda _cJO-AjNU |
||
| 041 | _aara | ||
| 050 | 1 | 4 | _aKBP940.2.J36.2005 |
| 100 |
_aغرفة تجارة وصناعة دبي _eمؤلف _965035 |
||
| 245 | 0 | 0 | _aبحوث المؤتمر العلمي السنوي الرابع عشر : المؤسسات المالية الإسلامية، المجلد 4 |
| 260 |
_aدبي: _bغرفة تجارة وصناعة دبي، _c2005 |
||
| 300 | _a384ص | ||
| 336 |
_atext _btxt _2rdacontent |
||
| 337 |
_aunmediated _bn _2rdamedia |
||
| 338 |
_avolume _bnc _2rdacarrier |
||
| 650 | 4 |
_aمؤسسات مالية اسلامية _953051 |
|
| 942 |
_2lcc _cBK |
||
| 999 |
_c27105 _d27105 |
||